| 000 | 00723nam a2200253 a 4500 | ||
|---|---|---|---|
| 003 | DO-SdBNP | ||
| 005 | 20220707125140.0 | ||
| 007 | ta | ||
| 008 | 220614e2016 dr ||||er|||| 000 jdspa d | ||
| 020 | _a9789945592191 | ||
| 040 |
_aDO-SdBNP _bspa _cBNPHU |
||
| 082 | 4 |
_222 _bA283o |
|
| 100 | 1 |
_974425 _aAguilar, Alejandro F., _d1958- |
|
| 245 |
_aOjos de niño / _cAlejandro F. Aguilar |
||
| 260 |
_aSanto Domingo : _bImpretur, _c2016 |
||
| 300 |
_a197 p. : _c19 cm. |
||
| 500 | _aIncluye datos biográficos del autor | ||
| 590 | _aInventariado 2022 / MF | ||
| 650 | 4 |
_91483 _aLiteratura Cubana |
|
| 650 | 4 |
_91482 _aCuentos Cubanos |
|
| 650 | 4 |
_915566 _aCuentos Populares _zCuba |
|
| 910 | _aMFeliz | ||
| 942 |
_2ddc _cLBS1 |
||
| 999 |
_c52039 _d52039 |
||